| 000 | 01070nam a22001937a 4500 | ||
|---|---|---|---|
| 005 | 20251007150513.0 | ||
| 010 | _aHIN-130471 | ||
| 020 |
_c50.00 _a9789356365315 |
||
| 035 | _aHN-102820 | ||
| 037 |
_bDBAD _a1 |
||
| 082 | _a821 | ||
| 100 |
_aजैन सुदीप कुमार _985409 |
||
| 245 |
_aकाव्य-प्रसूनाञ्जलि: _cसुदीप कुमार जैन _bप्रो. सुदीप कुमार जैन की हिन्दी, प्राकृत, संस्कृत,अपभ्रंश एवं गुजराती कविताओ का संकलन/ |
||
| 260 |
_aदिल्ली _bमहावीर परमार्थ फाउन्डेशन _c2025 |
||
| 270 |
_bशाहदरा _e110032 _a30/21-ए, द्वितीय तल, गली नं. 9, विश्वास नगर शाहदरा, दिल्ली-110032 |
||
| 300 |
_aXIV,112प्, _c21से.मी.(अजिल्द) |
||
| 490 | _v2 | ||
| 942 |
_2ddc _cHN _h821 _mजैन |
||
| 999 |
_c213601 _d213601 |
||